000 00423nam a2200157 i 4500
001 94284
003 ES-MaACL
005 20230906181437.0
007 t|
008 050427s1973 sp ||||1| spa d
100 1 _aLópez-Pardo, Camilo.
_973864
245 1 0 _aSobre la vida y la muerte /
_cCamilo López-Pardo.
260 _aMadrid :
_bRialp,
_c1973.
300 _a446 p. ;
_c19 cm.
852 _aES-MaACL
_jC-54510
_bR.87495
999 _c94284
_d94284